Gross and microscopic anatomy of the Kidney of the west Indian manatee, Trichechus manatus (<Mammalia: sirenia>) (Registro nro. 9686)

Detalles MARC
000 -CABECERA
Campo de control 005740000a22001690004500
090 ## - CLASIFICACIÓN LOCAL
Colección AR
Consecutivo 00594
041 0# - IDIOMA
Código de idioma para texto/pista de sonido o título separado
100 1# - ASIENTO PRINCIPAL--NOMBRE PERSONAL
Nombre personal Hill, D. Ashley
245 10 - MENCION DE TITULO
Título Gross and microscopic anatomy of the Kidney of the west Indian manatee, Trichechus manatus (<Mammalia: sirenia>)
650 14 - ASIENTO SECUNDARIO DE MATERIA - TERMINO TEMATICO
Término temático o nombre geográfico como elemento de entrada Mamíferos acuáticos
650 14 - ASIENTO SECUNDARIO DE MATERIA - TERMINO TEMATICO
Término temático o nombre geográfico como elemento de entrada Fisiología animal
650 14 - ASIENTO SECUNDARIO DE MATERIA - TERMINO TEMATICO
Término temático o nombre geográfico como elemento de entrada Anatomía animal
653 ## - TERMINO DE INDIZACION - NO CONTROLADO
-- Trichechus
-- Trichechus manatus
-- manatí
700 1# - ASIENTO SECUNDARIO - NOMBRE PERSONAL
Nombre personal Reynolds, John E.
773 1# - Item fuente:
Título Acta Anatómica
Especificación de materiales 219
Descripción física 135
Paginas del Articulo 53-86
Lugar, editorial y fecha de publicación 1989
942 ## - ELEMENTOS ADICIONALES (KOHA)
Tipo de ítem Artículo
Existencias
Withdrawn status Lost status Damaged status No para préstamo Colección Ubicación Permanente Ubicación actual Fecha de adquisición Fuente de Valor Datos de publicación Seriada Total Checkouts Número topográfico Inventario / Código de Barras Date last seen Ejemplar Price effective from Forma de adquisición Tipo de material
      No para Préstamo Hemeroteca Bogotá Bogotá 27/02/2015 Muñoz Saba, Yaneth Fuera de circulación   AR 00594 010907 25/03/2015 1 25/03/2015   Artículo
      No para Préstamo Hemeroteca Bogotá Bogotá 27/02/2015 Muñoz Saba, Yaneth Fuera de circulación   AR 00594 010908 25/03/2015 2 25/03/2015   Artículo